000 00568nam a22002057a 4500
008 240606b mp ||||| |||| 00| 0 mon d
035 _a28126
040 _aBU0183120
_bkaz
_cMN-UlNLM
_dMN-UlNLM
_erda
041 _akaz
084 _2NNA
_a84(0)
_bД 36
100 _aДефо Даниэль.
245 0 _aРобинзон Крузо
264 _aНур-султан
_bФолиант
_c2021
300 _a320 х.
336 _2rdacontent
_atext
_btxt
337 _2rdamedia
_aunmediated
_bn
338 _2rdacarrier
_avolume
_bnc
490 _v0
942 _2NNA
_cBK
999 _c810663
_d810720